000 00374nam a2200157Ia 4500
008 191201s2010 xx 000 0 und d
020 _a9780071267823
082 _a005.133
100 _aPRESSMAN,Roger S
245 0 _aSoftware Engineering a Practitioner approach
250 _a7th
260 _aN. Delhi
_bMGH
_c2010
300 _a895
650 _aMCA
942 _2ddc
_cBK
999 _c5029
_d5029